Statistiche per Quiz sull'Armenia

Clicka qui per fare il quiz!

Statistiche generali

  • Questo quiz è stato fatto 928 volte
  • Il punteggio medio è 12 su 19

Statistiche sulle risposte

DomandaRisposta% Corretto
Stato confinanteGeorgia
96%
Stato confinanteTurchia
94%
Stato confinanteAzerbaigian
93%
Paese straniero con più persone di discendenza armenaRussia
90%
Stato di cui ha fatto parte fino al 1991Unione Sovietica
89%
L'inglese ne ha 26, il greco 24, ma l'armeno ne ha 39Lettere
84%
CapitaleErevan
81%
Stato confinanteIran
81%
Impero che ha commesso il genocidio contro gli armeni (1914-1923)Impero Ottomano
80%
Catena montuosa che occupa parte dell'ArmeniaCaucaso
75%
L'Armenia è il luogo dove è stata prodotta questa bevanda per la prima volta (4100 a.C.)Vino
64%
Paese straniero con più persone di discendenza armenaStati Uniti
48%
Frutto originario dell'Armenia, inizia con la AAlbicocca
38%
Intorno al 300 d.C., l'Armenia divenne il primo paese ad adottarlo ufficialmenteCristianesimo
38%
Importante montagna simbolo dell'ArmeniaMonte Ararat
34%
Gioco insegnato in tutte le scuole elementari dell'ArmeniaScacchi
31%
Valuta dell'ArmeniaDram
19%
"Armenia" in armeno{Haya}stan
19%
Lago che costituisce circa il 4% della superficie dell'ArmeniaLago Sevan
18%

Distribuzione punteggi

Percentile per numero di risposta

Percentuale di utenti per punteggio

I tuoi punteggi nel tempo

Non hai fatto questo quiz